000 00712nam a2200265Ia 4500
005 20260121170332.0
008 008 260114s9999 xx 000 0 eng d
020 _a9783319647258
037 _aEBOOK
040 _aCRL
040 _beng
040 _cCRL
041 _2eng
041 _aeng
084 _qCRL
100 _aNikolaos-Komninos Hlepas, Norbert Kersting, Sabine Kuhlmann, Pawel Swianiewicz, Filipe Teles
_91062648
245 0 _aSub-Municipal Governance in Europe
260 _bSpringer
260 _bSpringer
260 _c2018
856 _uhttps://link.springer.com/openurl?genre=book&isbn=978-3-319-64725-8
942 _cEBOOK
999 _c1628377
_d1628377